<?xml version="1.0" encoding="UTF-8"?>
<record
    xmlns:xsi="http://www.w3.org/2001/XMLSchema-instance"
    xsi:schemaLocation="http://www.loc.gov/MARC21/slim http://www.loc.gov/standards/marcxml/schema/MARC21slim.xsd"
    xmlns="http://www.loc.gov/MARC21/slim">

  <leader>01335nam a2200385 a 4500</leader>
  <controlfield tag="001">22970</controlfield>
  <controlfield tag="003">SK-KTurca</controlfield>
  <controlfield tag="005">20260513092523.0</controlfield>
  <controlfield tag="008">250414s1993    xo                  slo  </controlfield>
  <datafield tag="015" ind1=" " ind2=" ">
    <subfield code="a">SNBA1993/11</subfield>
  </datafield>
  <datafield tag="020" ind1=" " ind2=" ">
    <subfield code="a">8071180971</subfield>
  </datafield>
  <datafield tag="035" ind1=" " ind2=" ">
    <subfield code="a">SNK000016077</subfield>
  </datafield>
  <datafield tag="035" ind1=" " ind2=" ">
    <subfield code="a">urn:nbn:sk:snk-amlh1o</subfield>
  </datafield>
  <datafield tag="035" ind1=" " ind2=" ">
    <subfield code="a">urn:nbn:sk:snk-am00bo9d</subfield>
  </datafield>
  <datafield tag="035" ind1=" " ind2=" ">
    <subfield code="a">08A7AE4A-8D5F-4A92-A16F-D537BEDD9A8F</subfield>
  </datafield>
  <datafield tag="040" ind1=" " ind2=" ">
    <subfield code="a">SNK</subfield>
    <subfield code="b">slo</subfield>
    <subfield code="c">SNK</subfield>
    <subfield code="e">AACR2</subfield>
  </datafield>
  <datafield tag="041" ind1="0" ind2=" ">
    <subfield code="a">slo</subfield>
  </datafield>
  <datafield tag="044" ind1=" " ind2=" ">
    <subfield code="a">xo</subfield>
    <subfield code="c">SK</subfield>
  </datafield>
  <datafield tag="080" ind1=" " ind2=" ">
    <subfield code="a">796.41.035(035)</subfield>
    <subfield code="2">1981</subfield>
  </datafield>
  <datafield tag="080" ind1=" " ind2=" ">
    <subfield code="a">615.825</subfield>
    <subfield code="2">1981</subfield>
  </datafield>
  <datafield tag="100" ind1="1" ind2=" ">
    <subfield code="a">Pinckney, Callan</subfield>
    <subfield code="4">aut</subfield>
  </datafield>
  <datafield tag="245" ind1="1" ind2="0">
    <subfield code="a">Kalanetika</subfield>
    <subfield code="b">Vynikaj&#xFA;ci cvi&#x10D;ebn&#xFD; program na spevnenie svalov : R&#xFD;chla a spo&#x13E;ahliv&#xE1; met&#xF3;da na z&#xED;skanie peknej a pevnej postavy</subfield>
    <subfield code="c">Callan Pinckney ; Aut. Sallie Batson ; Prekl. Ta&#x165;jana Augstenov&#xE1; ; Graf. upr. Ren&#xE1;ta Hrabu&#x161;ick&#xE1; ; Fotogr. Gary Moody</subfield>
  </datafield>
  <datafield tag="250" ind1=" " ind2=" ">
    <subfield code="a">[1. vyd.]</subfield>
  </datafield>
  <datafield tag="260" ind1=" " ind2=" ">
    <subfield code="a">Bratislava</subfield>
    <subfield code="b">Ikar</subfield>
    <subfield code="c">1993</subfield>
    <subfield code="e">Bratislava</subfield>
    <subfield code="f">Svornos&#x165;, spol. s r.o.</subfield>
  </datafield>
  <datafield tag="300" ind1=" " ind2=" ">
    <subfield code="a">192 s., 15,94 AH, 16,15 VH</subfield>
    <subfield code="c">28 cm</subfield>
  </datafield>
  <datafield tag="366" ind1=" " ind2=" ">
    <subfield code="e">117 Sk</subfield>
  </datafield>
  <datafield tag="655" ind1=" " ind2="7">
    <subfield code="a">pr&#xED;ru&#x10D;ky</subfield>
    <subfield code="2">SNK</subfield>
  </datafield>
  <datafield tag="700" ind1="1" ind2=" ">
    <subfield code="a">Batson, Sallie</subfield>
    <subfield code="4">aut</subfield>
  </datafield>
  <datafield tag="700" ind1="1" ind2=" ">
    <subfield code="a">Augstenov&#xE1;, Ta&#x165;jana</subfield>
    <subfield code="4">trl</subfield>
  </datafield>
  <datafield tag="700" ind1="1" ind2=" ">
    <subfield code="a">Hrabu&#x161;ick&#xE1;, Ren&#xE1;ta</subfield>
    <subfield code="4">ill</subfield>
  </datafield>
  <datafield tag="700" ind1="1" ind2=" ">
    <subfield code="a">Moody, Gary</subfield>
    <subfield code="4">pht</subfield>
  </datafield>
  <datafield tag="942" ind1=" " ind2=" ">
    <subfield code="2">ddc</subfield>
    <subfield code="c">OLDO</subfield>
    <subfield code="n">0</subfield>
  </datafield>
  <datafield tag="999" ind1=" " ind2=" ">
    <subfield code="c">22970</subfield>
    <subfield code="d">22970</subfield>
  </datafield>
  <datafield tag="952" ind1=" " ind2=" ">
    <subfield code="0">0</subfield>
    <subfield code="1">0</subfield>
    <subfield code="4">0</subfield>
    <subfield code="7">0</subfield>
    <subfield code="8">D</subfield>
    <subfield code="a">OKTUS</subfield>
    <subfield code="b">OKTUS</subfield>
    <subfield code="d">2026-05-13</subfield>
    <subfield code="l">0</subfield>
    <subfield code="p">4738001267</subfield>
    <subfield code="r">2026-05-13 09:25:29</subfield>
    <subfield code="w">2026-05-13</subfield>
    <subfield code="y">OLDO</subfield>
  </datafield>
</record>
